[Event "USCL Boston vs New York"]
[Site "Internet Chess Club"]
[Date "2008.10.06"]
[Round "7"]
[White "Herman, Matt"]
[Black "Krasik, Ilya"]
[Result "1-0"]
[WhiteElo "2271"]
[BlackElo "2144"]
[PlyCount "49"]
[EventDate "2008.??.??"]

1. e4 c5 2. Nf3 e6 3. d4 cxd4 4. Nxd4 a6 5. Nc3 Qc7 6. g3 Bb4 7. Bd2 Nc6 8. a3
Be7 9. Be3 Nf6 10. Bg2 Ne5 11. O-O Nc4 12. Bc1 O-O 13. b3 Na5 14. Bb2 Nc6 15.
Kh1 d6 16. f4 Bd7 17. g4 Nxd4 18. g5 Nc6 19. gxf6 Bxf6 20. e5 dxe5 21. Ne4 Be7
22. fxe5 Kh8 23. Qh5 g6 24. Qh6 Nd8 25. Nf6 1-0

[Event "USCL Queens vs New Jersey"]
[Site "Internet Chess Club"]
[Date "2008.10.06"]
[Round "7"]
[White "Gulko, Boris"]
[Black "Vovsha, Eli"]
[Result "1-0"]
[WhiteElo "2618"]
[BlackElo "2532"]
[PlyCount "51"]
[EventDate "2008.??.??"]

1. d4 d6 2. e4 Nf6 3. Nc3 g6 4. Bg5 Bg7 5. Qd2 h6 6. Be3 Ng4 7. Bf4 e5 8. dxe5
Nxe5 9. O-O-O Nbc6 10. Be2 Be6 11. Nd5 Ne7 12. h3 Qd7 13. Kb1 Bxd5 14. exd5 Qa4
15. Nf3 Nxf3 16. Bxf3 g5 17. Bh2 O-O-O 18. Rhe1 Rde8 19. Re4 Qb5 20. c4 Qd7 21.
c5 Kb8 22. c6 Qd8 23. Qb4 b6 24. Qb5 Ng6 25. Bg4 Qf6 26. Rb4 1-0

[Event "USCL Queens vs New Jersey"]
[Site "Internet Chess Club"]
[Date "2008.10.06"]
[Round "7"]
[White "Lenderman, Alex"]
[Black "Ippolito, Dean"]
[Result "1-0"]
[WhiteElo "2528"]
[BlackElo "2500"]
[PlyCount "99"]
[EventDate "2008.??.??"]

1. e4 c5 2. Nf3 Nc6 3. Bb5 e6 4. Bxc6 bxc6 5. e5 f6 6. O-O fxe5 7. Nxe5 Nf6 8.
f4 d6 9. Nc4 Be7 10. d3 O-O 11. Nc3 Nd5 12. Bd2 Nb6 13. Qe2 Bf6 14. Rad1 Bd4+
15. Kh1 Nxc4 16. dxc4 e5 17. Ne4 exf4 18. Bxf4 Re8 19. Bxd6 Qxd6 20. Nf6+ Bxf6
21. Qxe8+ Qf8 22. Qxc6 Bg4 23. Rd6 Kh8 24. h3 Bh5 25. g4 Rc8 26. Qd7 Bf7 27. g5
Rd8 28. Qxf7 Qxd6 29. gxf6 gxf6 30. Qxf6+ Qxf6 31. Rxf6 Rd2 32. Ra6 Rxc2 33. b3
Kg7 34. h4 h5 35. Rxa7+ Kg6 36. Ra5 Kf5 37. Rxc5+ Kg4 38. Rg5+ Kxh4 39. Rg2
Rc1+ 40. Kh2 Rxc4 41. Rb2 Rc3 42. b4 Rh3+ 43. Kg2 Rg3+ 44. Kh1 Rc3 45. b5 Rc1+
46. Kh2 Kg4 47. b6 Rc8 48. b7 Rb8 49. a4 Kf4 50. a5 1-0

[Event "USCL Tennessee vs Chicago"]
[Site "Internet Chess Club"]
[Date "2008.10.06"]
[Round "7"]
[White "van de Mortel, Jan"]
[Black "Andrews, Todd"]
[Result "1-0"]
[WhiteElo "2460"]
[BlackElo "2350"]
[PlyCount "85"]
[EventDate "2008.??.??"]

1. Nf3 Nf6 2. c4 c5 3. Nc3 d5 4. cxd5 Nxd5 5. g3 Nc6 6. Bg2 Nc7 7. O-O e5 8. a3
Rb8 9. Rb1 a5 10. d3 Be7 11. Nd2 Bd7 12. Nc4 f6 13. Nb6 O-O 14. Nxd7 Qxd7 15.
Qb3+ Kh8 16. Qb6 Ne6 17. Be3 Ncd4 18. Rfc1 Rfc8 19. Bxd4 Nxd4 20. e3 Bd8 21.
Qa7 Nb3 22. Rd1 Qd6 23. Nb5 Qe6 24. d4 Ra8 25. Qxb7 Rab8 26. Bd5 Qe8 27. Nd6
Rxb7 28. Nxe8 Rb6 29. Bxb3 Rxb3 30. Nd6 Rcb8 31. dxe5 Be7 32. Nc4 fxe5 33. Rd7
Bf6 34. e4 h6 35. h4 Rc3 36. bxc3 Rxb1+ 37. Kg2 Rc1 38. Rd3 a4 39. Nb6 Be7 40.
c4 Rc2 41. Rd7 Bf6 42. Ra7 Kh7 43. Rxa4 1-0

[Event "USCL Boston vs New York"]
[Site "Internet Chess Club"]
[Date "2008.10.06"]
[Round "7"]
[White "Fedorowicz, John"]
[Black "Perelshteyn, Eugene"]
[Result "1/2-1/2"]
[WhiteElo "2540"]
[BlackElo "2615"]
[PlyCount "262"]
[EventDate "2008.??.??"]

1. d4 Nf6 2. c4 e6 3. Nf3 d5 4. g3 Bb4+ 5. Bd2 Be7 6. Qc2 c6 7. Bg2 b6 8. O-O
Ba6 9. b3 Nbd7 10. a4 O-O 11. a5 Ne4 12. Bf4 bxa5 13. Nfd2 Nef6 14. e4 Rc8 15.
Nc3 Bb4 16. Rfd1 Re8 17. e5 Nh5 18. Be3 g6 19. c5 f6 20. f4 Qc7 21. Na2 Bb5 22.
Nf3 f5 23. Bd2 Bxd2 24. Qxd2 Rb8 25. Nc1 a4 26. bxa4 Bc4 27. Ne1 Rb7 28. Nc2
Reb8 29. Ne3 Ba6 30. Ra2 Rb4 31. Bf3 Ng7 32. Be2 Bxe2 33. Nxe2 Qb7 34. Nc3 Rb3
35. Rc1 Qb4 36. Ned1 a5 37. Rcc2 Nxc5 38. dxc5 d4 39. Rab2 dxc3 40. Rxb3 Qxc5+
41. Qf2 Qxf2+ 42. Kxf2 Rxb3 43. Nxc3 Rb4 44. Ne2 Rxa4 45. Rxc6 Ra2 46. Rc8+ Kf7
47. Rc7+ Kf8 48. Ra7 h6 49. Ra8+ Kf7 50. Ra7+ Kg8 51. Ra8+ Kh7 52. Ra7 g5 53.
Ke3 Kg6 54. Ra6 Kf7 55. Ra7+ Kg6 56. Ra6 g4 57. Kf2 Kf7 58. Ra7+ Kf8 59. Ra8+
Kf7 60. Ra7+ Kg6 61. Ra6 h5 62. Kf1 Kf7 63. Ra7+ Kg6 64. Ra6 a4 65. Kf2 Kf7 66.
Ra7+ Kg6 67. Ra6 a3 68. Kf1 Ra1+ 69. Kf2 a2 70. Kg2 Kf7 71. Ra7+ Kf8 72. Ra8+
Ke7 73. Ra7+ Kd8 74. Nc3 h4 75. Rxa2 h3+ 76. Kf2 Rh1 77. Ke3 Rg1 78. Kf2 Rh1
79. Ke3 Rg1 80. Kf2 Rc1 81. Nb5 Ne8 82. Rd2+ Ke7 83. Ra2 Kd7 84. Rd2+ Kc8 85.
Ke3 Nc7 86. Nxc7 Kxc7 87. Kd3 Rg1 88. Ke3 Re1+ 89. Re2 Rg1 90. Kf2 Rh1 91. Ke3
Kc6 92. Rd2 Kc5 93. Rc2+ Kd5 94. Kd3 Rd1+ 95. Rd2 Rh1 96. Ke3+ Kc4 97. Rc2+ Kb3
98. Kd3 Rd1+ 99. Rd2 Rg1 100. Ke3 Rh1 101. Rd3+ Kc2 102. Rd2+ Kc3 103. Rd3+ Kc4
104. Rd4+ Kc5 105. Rd2 Re1+ 106. Kf2 Rb1 107. Ke3 Rc1 108. Kd3 Re1 109. Rc2+
Kd5 110. Rd2 Rc1 111. Ke3+ Kc5 112. Kd3 Kd5 113. Ke3+ Kc4 114. Rd4+ Kc3 115.
Rd3+ Kb4 116. Rd4+ Kb5 117. Rd2 Rb1 118. Re2 Rb3+ 119. Kf2 Kc4 120. Re3 Rb1
121. Re1 Rb2+ 122. Re2 Rb8 123. Rd2 Rb3 124. Ra2 Kd3 125. Ra1 Rb2+ 126. Kg1
Rg2+ 127. Kh1 Re2 128. Ra3+ Ke4 129. Ra1 Ke3 130. Rb1 Kf2 131. Rf1+ Kxf1
1/2-1/2

[Event "USCL Queens vs New Jersey"]
[Site "Internet Chess Club"]
[Date "2008.10.06"]
[Round "7"]
[White "Ng, Andrew"]
[Black "Ostrovskiy, Aleksandr"]
[Result "1/2-1/2"]
[WhiteElo "2175"]
[BlackElo "2042"]
[PlyCount "190"]
[EventDate "2008.??.??"]

1. e4 e5 2. Nf3 Nc6 3. Bc4 Nf6 4. d3 Bc5 5. c3 a6 6. O-O Ba7 7. Bg5 h6 8. Bh4
d6 9. Nbd2 Qe7 10. b4 Be6 11. a4 O-O 12. Re1 Bxc4 13. Nxc4 Qe6 14. b5 Ne7 15.
Qb3 Ng6 16. Bg3 Nh5 17. Rab1 Nxg3 18. hxg3 Ne7 19. b6 cxb6 20. Nxb6 Rad8 21.
Qxe6 fxe6 22. Re2 Nc6 23. Nc4 Rd7 24. Reb2 Rff7 25. Kf1 Kf8 26. Nb6 Bxb6 27.
Rxb6 Ke8 28. Nd2 Na5 29. Ke2 Kd8 30. Ke3 Nc6 31. f4 exf4+ 32. gxf4 d5 33. g3
d4+ 34. cxd4 Nxd4 35. Nc4 Nc6 36. e5 Rfe7 37. Nd6 Na5 38. Ne4 Rc7 39. Rd6+ Kc8
40. Rbb6 Rc6 41. Rbxc6+ Nxc6 42. Nc5 Nd8 43. d4 Kc7 44. g4 g6 45. Kf3 Nc6 46.
Ke4 Nd8 47. d5 exd5+ 48. Kxd5 h5 49. Rxg6 hxg4 50. Rxg4 Nc6 51. e6 b6 52. Nd3
Rh7 53. Rg5 Ne7+ 54. Ke4 Kd6 55. Re5 Rh2 56. Kf3 Rh6 57. Nb2 b5 58. axb5 axb5
59. Rxb5 Rxe6 60. Nc4+ Kd7 61. Ne5+ Kc7 62. Ke4 Ra6 63. Rb4 Ra1 64. Rd4 Re1+
65. Kf3 Nf5 66. Rd2 Rg1 67. Ke4 Ng3+ 68. Kd5 Rf1 69. Rc2+ Kb7 70. Rc4 Nh5 71.
Ng6 Kb6 72. Ke6 Kb5 73. Rd4 Re1+ 74. Kd6 Nf6 75. Ne5 Rf1 76. Ke6 Nh5 77. Nd3
Nxf4+ 78. Nxf4 Kc5 79. Re4 Rh1 80. Nd3+ Kc6 81. Rc4+ Kb5 82. Rc3 Rh6+ 83. Kd5
Rh5+ 84. Ne5 Kb4 85. Rc8 Rh1 86. Nd3+ Kb3 87. Nf2 Rh5+ 88. Kd4 Rh7 89. Rc3+ Kb4
90. Nd3+ Kb5 91. Rc5+ Kb6 92. Ne5 Rh4+ 93. Kd5 Rh1 94. Nd7+ Kb7 95. Kd6 Rh6+
1/2-1/2

[Event "USCL Tennessee vs Chicago"]
[Site "Internet Chess Club"]
[Date "2008.10.06"]
[Round "7"]
[White "Meerovich, Ilan"]
[Black "Wheeler, Jerry"]
[Result "1-0"]
[WhiteElo "2131"]
[BlackElo "2204"]
[PlyCount "71"]
[EventDate "2008.??.??"]

1. d4 g6 2. c4 Bg7 3. Nc3 d6 4. Nf3 Nf6 5. e4 O-O 6. Be2 e5 7. O-O Nbd7 8. d5
Nc5 9. Qc2 a5 10. Ne1 Ne8 11. f3 f5 12. Be3 b6 13. Nd3 Nf6 14. Nxc5 bxc5 15. a3
f4 16. Bf2 g5 17. b4 Nd7 18. bxc5 Nxc5 19. Na4 Nxa4 20. Qxa4 h5 21. c5 Bd7 22.
c6 Bc8 23. Qd1 Rf6 24. Rb1 Rg6 25. h3 Bf6 26. Rb5 Qf8 27. Be1 Qg7 28. Rxa5 Rxa5
29. Bxa5 g4 30. fxg4 hxg4 31. Bxg4 Bxg4 32. hxg4 Rxg4 33. Qe2 Rh4 34. Qf3 Rg4
35. Rb1 Kf7 36. Rb7 1-0

[Event "USCL Tennessee vs Chicago"]
[Site "Internet Chess Club"]
[Date "2008.10.06"]
[Round "7"]
[White "Bereolos, Peter"]
[Black "Pasalic, Mehmed"]
[Result "1/2-1/2"]
[WhiteElo "2304"]
[BlackElo "2375"]
[PlyCount "127"]
[EventDate "2008.??.??"]

1. d4 Nf6 2. c4 e6 3. g3 d5 4. Nf3 Be7 5. Bg2 c6 6. Qc2 O-O 7. Nbd2 Na6 8. O-O
Bd7 9. e4 dxc4 10. Nxc4 c5 11. dxc5 Nxc5 12. Nfe5 b5 13. Nxd7 Nfxd7 14. Ne3 Rc8
15. Rd1 Qb6 16. Qe2 Ne5 17. Ng4 Nxg4 18. Qxg4 Na4 19. Be3 Bc5 20. Bxc5 Qxc5 21.
Qe2 Qb4 22. Rd2 e5 23. Rd5 a6 24. Rxe5 Qxb2 25. Qxb2 Nxb2 26. Rd5 Rfd8 27. Bh3
Rb8 28. Rc1 Nc4 29. a4 Rxd5 30. exd5 Kf8 31. Bf1 Nd6 32. Rc6 Ke7 33. Rxa6 b4
34. a5 b3 35. Bd3 b2 36. Rb6 Rxb6 37. axb6 Kd8 38. Kf1 Nc4 39. Ke2 Nxb6 40. Kd2
Nxd5 41. Bb1 Nf6 42. h3 h5 43. Kc3 h4 44. Kxb2 hxg3 45. fxg3 Nh5 46. g4 Nf4 47.
h4 Ng2 48. h5 f6 49. Be4 Ne3 50. Bf3 Nc4+ 51. Kc3 Ne5 52. Be2 Ke7 53. Kd4 Nf7
54. Ke4 Nd6+ 55. Kf4 Kf7 56. Bd3 Ke7 57. Bc2 Ke6 58. Bb3+ Ke7 59. Bd5 Kf8 60.
g5 fxg5+ 61. Kxg5 Ne8 62. Kg6 Nf6 63. h6 gxh6 64. Kxh6 1/2-1/2

[Event "USCL Tennessee vs Chicago"]
[Site "Internet Chess Club"]
[Date "2008.10.06"]
[Round "7"]
[White "Burnett, Ron"]
[Black "Mitkov, Nikola"]
[Result "1-0"]
[WhiteElo "2412"]
[BlackElo "2601"]
[PlyCount "129"]
[EventDate "2008.??.??"]

1. d4 Nf6 2. c4 e6 3. Nf3 d5 4. g3 Bb4+ 5. Bd2 Be7 6. Bg2 c6 7. Qc2 b6 8. Bg5
Ba6 9. Nbd2 h6 10. Bxf6 Bxf6 11. O-O O-O 12. e4 Nd7 13. Rfe1 Rc8 14. Rac1 Be7
15. cxd5 cxd5 16. Qa4 dxe4 17. Qxa6 exf3 18. Nxf3 Rc7 19. Qf1 Bf6 20. Rc4 Qb8
21. Rxc7 Qxc7 22. Rc1 Qd6 23. Qc4 Rd8 24. Qa4 Qb8 25. Rc6 Nf8 26. Bf1 Ng6 27.
Qc2 Ne7 28. Rc7 Nf5 29. d5 exd5 30. Ba6 Nd6 31. b3 d4 32. Qc6 b5 33. Ne1 Ne8
34. Rb7 Qd6 35. Bxb5 Qxc6 36. Bxc6 Nd6 37. Rxa7 Rc8 38. Ra8 Rxa8 39. Bxa8 Nb5
40. a4 Nc3 41. Nd3 Bd8 42. Bc6 Kf8 43. b4 Ke7 44. a5 Kd6 45. Be8 Ke7 46. a6 Bb6
47. Bc6 Kd6 48. b5 Ba7 49. Kg2 Kc7 50. Be8 Kb6 51. Kf3 Nxb5 52. Bxf7 Nd6 53.
Bd5 Kxa6 54. Kf4 Kb5 55. Ke5 Bc5 56. h4 Ne8 57. Kf5 Be7 58. Ke6 Nc7+ 59. Kxe7
Nxd5+ 60. Kf7 Nb4 61. Nb2 Nc6 62. Kxg7 Kb4 63. Nd3+ Kc4 64. Ne1 Ne5 65. f4 1-0

[Event "USCL Dallas vs Philadelphia"]
[Site "Internet Chess Club"]
[Date "2008.10.08"]
[Round "7"]
[White "Schneider, Igor"]
[Black "Yeager, Daniel"]
[Result "1-0"]
[WhiteElo "2396"]
[BlackElo "2349"]
[PlyCount "79"]
[EventDate "2008.??.??"]

1. e4 c5 2. Nf3 d6 3. d4 cxd4 4. Nxd4 Nf6 5. Nc3 a6 6. Be2 e5 7. Nb3 Be7 8. O-O
O-O 9. Kh1 b6 10. Be3 Bb7 11. f3 Nbd7 12. a4 Rc8 13. Qd2 Rc7 14. Rfd1 Qa8 15.
Nc1 Rfc8 16. N1a2 h6 17. Nb4 a5 18. Nba2 d5 19. exd5 Bb4 20. Qd3 Nc5 21. Qf5
Bxc3 22. Nxc3 Nxd5 23. Nxd5 Bxd5 24. Qxe5 Bb7 25. Rd8+ Rxd8 26. Qxc7 Re8 27.
Qf4 Ne6 28. Qg4 Ng5 29. Bxg5 hxg5 30. Bd3 Qd8 31. Rd1 Qe7 32. h3 Rd8 33. Qg3
Re8 34. b3 Qe5 35. Qxe5 Rxe5 36. Bc4 Bc6 37. Rd6 Rc5 38. Rd8+ Kh7 39. Bd3+ g6
40. Rb8 1-0

[Event "USCL Baltimore vs Carolina"]
[Site "Internet Chess Club"]
[Date "2008.10.08"]
[Round "7"]
[White "Schroer, Jonathan"]
[Black "Enkhbat, Tegshsuren"]
[Result "1-0"]
[WhiteElo "2441"]
[BlackElo "2446"]
[PlyCount "59"]
[EventDate "2008.??.??"]

1. e4 c6 2. c4 d5 3. exd5 cxd5 4. cxd5 Nf6 5. Nc3 Nxd5 6. Nf3 Nc6 7. Bb5 e6 8.
O-O Be7 9. d4 Bd7 10. Re1 O-O 11. Bd3 Ncb4 12. Bb1 Rc8 13. a3 Nxc3 14. bxc3 Nc6
15. Qd3 g6 16. Bh6 Re8 17. Ba2 Bf8 18. Qd2 Bg7 19. Bxg7 Kxg7 20. Re4 Qa5 21.
Rae1 h5 22. Qb2 Qb6 23. Qa1 Kg8 24. c4 Qd8 25. d5 exd5 26. Rxe8+ Bxe8 27. cxd5
Ne7 28. Ng5 Rc2 29. Ne4 Qb6 30. d6 1-0

[Event "USCL Baltimore vs Carolina"]
[Site "Internet Chess Club"]
[Date "2008.10.08"]
[Round "7"]
[White "Erenburg, Sergey"]
[Black "Milman, Lev"]
[Result "1/2-1/2"]
[WhiteElo "2592"]
[BlackElo "2502"]
[PlyCount "105"]
[EventDate "2008.??.??"]

1. e4 c5 2. Nf3 d6 3. d4 cxd4 4. Nxd4 Nf6 5. Nc3 a6 6. Be3 e5 7. Nf3 Qc7 8. a4
Nbd7 9. a5 Be7 10. Be2 Nc5 11. Nd2 Be6 12. Bf3 O-O 13. O-O Rad8 14. Qe2 d5 15.
exd5 Nxd5 16. Nxd5 Bxd5 17. Bxd5 Rxd5 18. Rfd1 Ne6 19. Nb3 Rxd1+ 20. Rxd1 Rc8
21. c3 Qc6 22. g3 Qa4 23. Qc2 Rd8 24. Re1 Rd5 25. c4 Rd7 26. h4 g6 27. Rc1 f5
28. Qc3 Bf6 29. Nc5 Nxc5 30. Bxc5 Kf7 31. b3 Qa2 32. b4 e4 33. Qe3 Qb2 34. Kg2
Rd3 35. Qh6 Bg7 36. Qg5 Bf6 37. Qh6 Bg7 38. Qg5 Qe5 39. h5 Qf6 40. hxg6+ hxg6
41. Qxf6+ Bxf6 42. b5 Rb3 43. Bb6 axb5 44. cxb5 Rxb5 45. Rc7+ Ke6 46. Rxb7 Bd4
47. Rb8 Bxb6 48. axb6 Kf6 49. f4 exf3+ 50. Kxf3 Rb3+ 51. Kf2 Kg5 52. b7 Rb2+
53. Kf3 1/2-1/2

[Event "USCL Baltimore vs Carolina"]
[Site "Internet Chess Club"]
[Date "2008.10.08"]
[Round "7"]
[White "Zimmer, Ralph"]
[Black "Zaikov, Oleg"]
[Result "0-1"]
[WhiteElo "2328"]
[BlackElo "2376"]
[PlyCount "102"]
[EventDate "2008.??.??"]

1. d4 Nf6 2. c4 c5 3. d5 b5 4. cxb5 a6 5. Nc3 axb5 6. e4 b4 7. Nb5 d6 8. Bf4 g5
9. Bxg5 Nxe4 10. Bf4 Qa5 11. Bc4 Bg7 12. Qe2 f5 13. f3 b3+ 14. Kd1 O-O 15. fxe4
fxe4 16. Bd2 Qxa2 17. Rxa2 bxa2 18. Bxa2 Rxa2 19. Bc3 Ra1+ 20. Kc2 Bh6 21. Qh5
Be3 22. Nh3 Rxh1 23. Ng5 Bf5 24. Nxh7 Rc1+ 25. Kb3 Rxc3+ 26. Nxc3 Bxh7 27. Nxe4
Na6 28. Qg4+ Kh8 29. Ng5 Bxg5 30. Qxg5 Rf7 31. Qh5 Kg7 32. Qg5+ Kh8 33. Qh5 Rg7
34. Qe8+ Bg8 35. g4 Nc7 36. Qc8 Nxd5 37. Ka3 Rh7 38. Qf8 Rxh2 39. g5 Rh3+ 40.
Ka4 Rh4+ 41. Ka5 Rh7 42. g6 Rh5 43. Ka6 Nc7+ 44. Kb7 Ne6 45. Qxe7 d5 46. Qf6+
Ng7 47. Kc6 d4 48. b4 d3 49. bxc5 d2 50. Qa1 Bd5+ 51. Kb6 Rh1 0-1

[Event "USCL Dallas vs Philadelphia"]
[Site "Internet Chess Club"]
[Date "2008.10.08"]
[Round "7"]
[White "Bartell, Tom"]
[Black "Bartholomew, John"]
[Result "1-0"]
[WhiteElo "2386"]
[BlackElo "2488"]
[PlyCount "105"]
[EventDate "2008.??.??"]

1. d4 Nf6 2. Nf3 d5 3. c4 c6 4. e3 Bg4 5. h3 Bxf3 6. Qxf3 Nbd7 7. Nc3 e6 8. Bd3
Bd6 9. O-O O-O 10. b3 Re8 11. Bb2 Qe7 12. Rae1 e5 13. Qd1 e4 14. Bb1 Rac8 15.
c5 Bb8 16. f3 Nf8 17. fxe4 dxe4 18. Rxf6 Qxf6 19. Nxe4 Qh4 20. Nd2 Rcd8 21. Nf3
Qg3 22. Qc2 Re7 23. e4 Ne6 24. e5 g6 25. Qf2 Qxf2+ 26. Kxf2 a5 27. h4 Ba7 28.
Be4 Rc8 29. Rc1 Rec7 30. Ke3 b6 31. cxb6 Bxb6 32. Rc4 Nd8 33. Ba3 Nb7 34. g4
Kg7 35. h5 f6 36. h6+ Kf7 37. Kf4 c5 38. Bd5+ Ke7 39. Bxb7 fxe5+ 40. Nxe5 Rxb7
41. dxc5 Bc7 42. c6+ Rb4 43. Bxb4+ axb4 44. Ke4 Ra8 45. Rd4 Ke6 46. Nf3 Bd6 47.
Ng5+ Ke7 48. Nxh7 Rxa2 49. Ng5 Re2+ 50. Kf3 Rh2 51. h7 Be5 52. Re4 Kf6 53. Rxe5
1-0

[Event "USCL Arizona vs Miami"]
[Site "Internet Chess Club"]
[Date "2008.10.08"]
[Round "7"]
[White "Perea, Osmany"]
[Black "Rensch, Daniel"]
[Result "1-0"]
[WhiteElo "2453"]
[BlackElo "2411"]
[PlyCount "69"]
[EventDate "2008.??.??"]

1. d4 Nf6 2. c4 e6 3. Nf3 c5 4. d5 b5 5. Bg5 h6 6. Bxf6 Qxf6 7. Qc2 exd5 8.
cxd5 d6 9. e4 a6 10. a4 b4 11. Nbd2 Bg4 12. Be2 Nd7 13. Ng1 Bxe2 14. Nxe2 g6
15. O-O Bg7 16. Rab1 O-O 17. f4 Rfe8 18. Nc4 Qe7 19. Ng3 Bd4+ 20. Kh1 Nf6 21.
Rbe1 Ng4 22. h3 Qh4 23. Qe2 h5 24. Qf3 Rad8 25. Re2 Kh8 26. Na5 Rd7 27. Nc6 Bg7
28. Rfe1 Nf6 29. e5 Nxd5 30. Nxh5 gxh5 31. Qxd5 Qxf4 32. e6 Rxe6 33. Rxe6 fxe6
34. Qxh5+ Kg8 35. Qe8+ 1-0

[Event "USCL Arizona vs Miami"]
[Site "Internet Chess Club"]
[Date "2008.10.08"]
[Round "7"]
[White "Rodriguez, Eric"]
[Black "Martinez, Leo"]
[Result "1-0"]
[WhiteElo "2242"]
[BlackElo "2209"]
[PlyCount "93"]
[EventDate "2008.??.??"]

1. d4 Nf6 2. c4 e6 3. Nf3 c5 4. d5 d6 5. Nc3 exd5 6. cxd5 g6 7. g3 Bg7 8. Bg2
O-O 9. O-O a6 10. a4 Nbd7 11. Nd2 Re8 12. h3 Rb8 13. Nc4 Nb6 14. Na3 Bd7 15.
Bf4 Qc7 16. a5 Nc8 17. Nc4 Bb5 18. Qb3 Bxc4 19. Qxc4 Nh5 20. Bd2 b5 21. axb6
Rxb6 22. Bc1 Qb7 23. Qa4 Nf6 24. Ra2 Na7 25. Qc4 Nd7 26. f4 Nb8 27. e3 Rb4 28.
Qd3 Nb5 29. Ne4 Qe7 30. Nf2 c4 31. Qc2 Qc7 32. Ne4 Rb3 33. Ra4 Qb6 34. Rxc4 Na7
35. Nxd6 Rbxe3 36. Bxe3 Rxe3 37. Rc8+ Nxc8 38. Qxc8+ Bf8 39. Nc4 Qd4 40. Nxe3
Qxe3+ 41. Kh2 Qb6 42. Re1 Kg7 43. Qc3+ Kg8 44. Qc8 Kg7 45. Re8 Bd6 46. Rg8+ Kh6
47. Qc3 1-0

[Event "USCL Arizona vs Miami"]
[Site "Internet Chess Club"]
[Date "2008.10.08"]
[Round "7"]
[White "Adamson, Robby"]
[Black "Galofre, Charles"]
[Result "0-1"]
[WhiteElo "2377"]
[BlackElo "2326"]
[PlyCount "102"]
[EventDate "2008.??.??"]

1. e4 e5 2. Nf3 Nc6 3. Bb5 Nf6 4. O-O Nxe4 5. Re1 Nd6 6. Nxe5 Be7 7. Bf1 O-O 8.
d4 Nf5 9. c3 Nxe5 10. Rxe5 d6 11. Re1 d5 12. Nd2 Be6 13. Nf3 c5 14. Bd3 c4 15.
Bc2 b5 16. Ne5 Rc8 17. Qf3 Nh4 18. Qg3 Bf5 19. Bxf5 Nxf5 20. Qg4 g6 21. Bf4 f6
22. Nxg6 hxg6 23. Qxg6+ Ng7 24. Bh6 Rf7 25. Re3 Qd7 26. Rg3 Bd6 27. Rf3 Rc6 28.
Re1 Bf8 29. Bf4 f5 30. Qg3 Rff6 31. Be5 Rg6 32. Qf4 Rg4 33. Qd2 Rcg6 34. g3 Re4
35. Rfe3 Ne6 36. f4 a5 37. Rf1 b4 38. Rxe4 dxe4 39. d5 e3 40. Qe2 Qxd5 41. Qh5
Rh6 42. Qxf5 e2 43. Qg4+ Kh7 44. Qf5+ Kg8 45. Qg4+ Kf7 46. Qxe2 Bc5+ 47. Rf2
Qd3 48. Qe1 Qc2 49. Bd4 Nxd4 50. Qe3 Qxf2+ 51. Kxf2 Ne6 0-1

[Event "USCL San Francisco vs Seattle"]
[Site "Internet Chess Club"]
[Date "2008.10.08"]
[Round "7"]
[White "May, Andy"]
[Black "Naroditsky, Daniel"]
[Result "0-1"]
[WhiteElo "2134"]
[BlackElo "2321"]
[PlyCount "102"]
[EventDate "2008.??.??"]

1. e4 c5 2. Nc3 d6 3. f4 g6 4. Nf3 Bg7 5. g3 Nc6 6. Bg2 Nh6 7. O-O O-O 8. d3 f5
9. h3 Nd4 10. Be3 Nf7 11. Qd2 Bd7 12. Rae1 Bc6 13. Qf2 fxe4 14. dxe4 Nb5 15.
Nxb5 Bxb5 16. Rd1 Bxf1 17. Bxf1 Qe8 18. Bc4 e6 19. f5 gxf5 20. exf5 d5 21. Bf1
d4 22. Bc1 exf5 23. Bc4 Kh8 24. Re1 Qc6 25. Re7 Nd6 26. Rxg7 Kxg7 27. Ne5 Qe4
28. Bf4 Nxc4 29. Nxc4 Rae8 30. Nd6 Qe1+ 31. Qf1 Qxf1+ 32. Kxf1 Re7 33. h4 Rd7
34. Nc4 Rd5 35. Ke2 Re8+ 36. Kd1 Re6 37. Nd2 b5 38. Nf3 h6 39. Kd2 c4 40. Ng1
d3 41. b3 c3+ 42. Kxc3 Rc6+ 43. Kb4 Rxc2 44. Nf3 d2 45. Nxd2 Rcxd2 46. Bxd2
Rxd2 47. Kxb5 Rxa2 48. b4 Rg2 49. Ka6 Rxg3 50. Kxa7 Rb3 51. b5 Rxb5 0-1

[Event "USCL San Francisco vs Seattle"]
[Site "Internet Chess Club"]
[Date "2008.10.08"]
[Round "7"]
[White "Shankland, Sam"]
[Black "Readey, John"]
[Result "1-0"]
[WhiteElo "2364"]
[BlackElo "2296"]
[PlyCount "131"]
[EventDate "2008.??.??"]

1. e4 g6 2. d4 Bg7 3. Nc3 d6 4. Be3 Nf6 5. f3 c6 6. Qd2 Qa5 7. O-O-O b5 8. Kb1
Nbd7 9. g4 Nb6 10. b3 Rb8 11. h4 h5 12. g5 Nfd7 13. f4 b4 14. Nce2 c5 15. dxc5
dxc5 16. Bg2 Bb7 17. Rh2 O-O 18. e5 Bxg2 19. Rxg2 Rfd8 20. Ng3 e6 21. Ne4 Nd5
22. Qc1 Nxe3 23. Qxe3 Nxe5 24. Rgd2 Ng4 25. Qxc5 Qxc5 26. Nxc5 Rdc8 27. Ne4 Ne3
28. Re1 Nd5 29. Ne2 a5 30. Rf1 a4 31. Rf3 Rc7 32. Rfd3 axb3 33. cxb3 Rbc8 34.
Rf3 Rc6 35. Rf1 Ra6 36. Rc1 Rxc1+ 37. Kxc1 Ra8 38. Nd6 Kf8 39. Nc4 Ke7 40. Kb1
Rd8 41. Kc2 Rc8 42. Kb1 Nc3+ 43. Nxc3 Bxc3 44. Re2 Rd8 45. Kc2 Bg7 46. Rd2 Rc8
47. Kd3 Rc5 48. Ke4 f5+ 49. Kf3 Rd5 50. Rxd5 exd5 51. Ne3 Kd6 52. Nc2 Kc5 53.
Ke3 Bb2 54. Kd3 Bg7 55. a3 bxa3 56. Nxa3 Kb4 57. Nc2+ Kc5 58. b4+ Kb5 59. Ne3
Kc6 60. Nc2 Bf8 61. Nd4+ Kb6 62. Nf3 Bxb4 63. Ne5 Bd6 64. Nxg6 Kc5 65. Ne5 Be7
66. g6 1-0

[Event "USCL San Francisco vs Seattle"]
[Site "Internet Chess Club"]
[Date "2008.10.08"]
[Round "7"]
[White "Mikhailuk, Slava"]
[Black "Donaldson, John"]
[Result "1-0"]
[WhiteElo "2437"]
[BlackElo "2422"]
[PlyCount "96"]
[EventDate "2008.??.??"]

1. c4 c5 2. Nc3 g6 3. g3 Bg7 4. Bg2 Nc6 5. Nf3 e5 6. a3 Nge7 7. O-O O-O 8. Ne1
d6 9. Nc2 Be6 10. d3 d5 11. cxd5 Nxd5 12. Bd2 a5 13. Ne3 Nde7 14. Rb1 Rb8 15.
Na4 b6 16. b4 axb4 17. axb4 cxb4 18. Bxb4 Nxb4 19. Rxb4 b5 20. Nc5 Qd6 21. Nxe6
Qxb4 22. Nxf8 Kxf8 23. Qa1 Qa4 24. Qxa4 bxa4 25. Ra1 Rb4 26. Ra2 f5 27. Nc2
Rb1+ 28. Bf1 Rc1 29. Ne3 f4 30. Nc4 e4 31. Rxa4 exd3 32. exd3 fxg3 33. hxg3 Nf5
34. Ra8+ Kf7 35. Ra7+ Kf8 36. Ra2 Bd4 37. Kg2 h5 38. Be2 Kg7 39. Bf3 Ra1 40.
Re2 Bf6 41. Be4 Nd4 42. Rb2 Ra6 43. f4 Kh6 44. Ne5 Nc6 45. Bxc6 Rxc6 46. Kf3
Rc7 47. Rb6 Kg7 48. Ke4 Kh7 1-0

[Event "USCL Dallas vs Philadelphia"]
[Site "Internet Chess Club"]
[Date "2008.10.08"]
[Round "7"]
[White "Costigan, Richard"]
[Black "Zorigt, Bayaraa"]
[Result "1/2-1/2"]
[WhiteElo "2288"]
[BlackElo "2217"]
[PlyCount "287"]
[EventDate "2008.??.??"]

1. d4 Nf6 2. Nf3 e6 3. Bg5 Be7 4. Nbd2 d5 5. e3 Nbd7 6. h3 O-O 7. Bd3 c5 8. c3
b6 9. O-O Bb7 10. Qe2 Ne4 11. Bf4 Bf6 12. Rfd1 Qe7 13. Ne5 Bxe5 14. dxe5 Nxd2
15. Rxd2 f6 16. exf6 Qxf6 17. Bg3 Qg5 18. Qg4 Qxg4 19. hxg4 h6 20. f3 Bc6 21.
e4 dxe4 22. Bxe4 Bxe4 23. Rxd7 Bd5 24. b3 c4 25. Be5 Rf7 26. Rxf7 Kxf7 27. bxc4
Bxc4 28. Rd1 Bb5 29. c4 Bc6 30. Kf2 Rc8 31. Ke3 Ba4 32. Rd4 Bc6 33. Kf4 Be8 34.
g5 hxg5+ 35. Kxg5 Rc5 36. f4 Rc8 37. g4 Bc6 38. Rd2 Rh8 39. Rd6 Rc8 40. Rd2 Rh8
41. c5 bxc5 42. Rc2 Rc8 43. Rxc5 Bd7 44. Ra5 Ra8 45. Ra6 Bb5 46. Ra3 a6 47. Rc3
Ra7 48. Rc8 Rd7 49. Rb8 Rd5 50. Rh8 Rd7 51. Rh2 Rb7 52. Rb2 Bc6 53. Rc2 Bb5 54.
Bc7 Bd3 55. Rc3 Bb5 56. a3 Ba4 57. Be5 Bb5 58. Rh3 Rd7 59. Rh7 Kg8 60. Rh2 Rd3
61. Rc2 Rd7 62. Rb2 Kf7 63. Rb4 Rb7 64. a4 Bc6 65. Rc4 Be8 66. a5 Bd7 67. Rd4
Bb5 68. Rd6 Rd7 69. Rb6 Rd5 70. Rb7+ Rd7 71. Rb8 Rd5 72. Rh8 Rd7 73. Rh7 Kg8
74. Rh2 Kf7 75. Rc2 Rd5 76. Rc8 Rd7 77. Rb8 Rd5 78. Rb6 Rd7 79. Bd6 Bd3 80. Kh4
Bc4 81. Kg3 Kf6 82. Kf3 Bb5 83. Ke3 Bc4 84. Kd4 Be2 85. g5+ Kf5 86. Kc5 Rf7 87.
Rb8 Bf3 88. Kb6 Rd7 89. Be5 Be2 90. Rf8+ Ke4 91. Rg8 Kf5 92. Rf8+ Ke4 93. Rc8
Kf5 94. Rc6 Bf1 95. Rc8 Be2 96. Ra8 Rd1 97. Ra7 Rb1+ 98. Kc6 Bb5+ 99. Kd6 Rd1+
100. Ke7 g6 101. Rc7 Rd5 102. Bd6 Bd3 103. Rc3 Be4 104. Rc8 Rxa5 105. Rf8+ Kg4
106. Kxe6 Bf5+ 107. Ke7 Ra2 108. Be5 a5 109. Ra8 a4 110. Kd6 a3 111. Ke7 Kf3
112. Kf6 Kg4 113. Bd6 Re2 114. Bxa3 Re6+ 115. Kf7 Kxf4 116. Be7 Re4 117. Ra5
Rc4 118. Ra1 Rc7 119. Kf6 Rc6+ 120. Kg7 Re6 121. Bf6 Rc6 122. Ra4+ Kf3 123. Be5
Re6 124. Bf6 Re4 125. Ra1 Rc4 126. Rf1+ Kg4 127. Rg1+ Kf3 128. Ra1 Kg4 129. Kh6
Rc2 130. Be5 Re2 131. Rg1+ Kf3 132. Rf1+ Kg2 133. Rxf5 gxf5 134. Bc7 Re7 135.
Bb8 Rb7 136. Be5 Rb5 137. Bc7 Rc5 138. Bb8 Rc8 139. Ba7 f4 140. g6 Rc6 141. Kg5
Rxg6+ 142. Kxg6 f3 143. Kf5 f2 144. Bxf2 1/2-1/2